000 nam a22 a 4500
999 _c4685
_d4685
003 AKMAL
005 20170728103302.0
008 17 s2017 my l 00 eng d
040 _aAKMAL
082 0 4 _a343. 595085561 MAL
090 _a343.595085561
_bMAL
110 2 _aMalaysia
_9400
240 1 _aAkta Ubat [Iklan dan Penjualan], 1956.
_lEnglish
245 1 _aMedicines [Advertisement and Sales] Act 1956 (Revised - 1983) (Akta 290) / Medicine Advertisements Board Regulations 1976 (P.U.(A) 283/76):
_ball amendments up to October, 1991 (Act 290) /
_ccompiled by MDC Legal Advisers
260 _aKuala Lumpur :
_bMDC,
_c2017
300 _a21p. ;
_c25cm
650 _aAdvertising
_xMedicine
_xLaw and legislation
_99004
942 _2ddc
_cBOOK